00683nam a2200229Ia 4500003000400000005001700004008004100021020001500062040000700077041000800084082001600092100003200108245002300140260004000163300001400203365001300217650002900230906003500259942001200294999001900306952012800325OSt20230502110022.0210423s2002 xx 000 0 und d a8176492159 cAL aeng a574.88 TURP aTURNER (P C);others.995814 aMolecular biology. aNew DelhibViva Books Pvt Ltdc2002 ax,346bPB b195cINR aMolecular Biology995815 abiology ; biology. ; molecular 2ddccBK c162951d162951 001040708BTaSACPGbSACPGd2003-09-12eBook Worldg195.00l0o574.88 TURPpPG009445r2022-08-24 00:00:00w2021-04-26yBK